Introducción al razonamiento jurídico /

Guardado en:
Autor Principal: Levi, Edward H.
Otros Autores: Carrió, Genaro R., (trad.)
Formato: Libro
Idioma:Spanish
Publicado: Buenos Aires : Eudeba, 1964.
Edición:1a. ed.
Series:Cuadernos Eudeba ; 125
Materias:
Etiquetas: Agregar Etiqueta
Sin Etiquetas, Sea el primero en etiquetar este registro!
LEADER 00515nam a22001695a 4500
001 DER.der000448
008 180615s1964####ag#||||||||||||||#||spa||
005 20250204113002.0
245 1 0 |a Introducción al razonamiento jurídico /  |c Edward H. Levi 
250 |a 1a. ed. 
260 |a Buenos Aires :  |b Eudeba,  |c 1964. 
300 |a 148 p. 
490 1 |a Cuadernos Eudeba ;  |v 125 
100 1 |a Levi, Edward H. 
700 1 |a Carrió, Genaro R.,  |e trad. 
650 7 |a INTRODUCCION AL DERECHO 
859 |a DERECHO  |b BIB. DERECHO  |h 340.1  |i LEV  |p 000369